Normal view
MARC view
- Kaluf F. Cecilia
Entry Nombre Personal
001 - NUMERO DE CONTROL
- campo de control: 46973
003 - IDENTIFICADOR DE NUMERO DE CONTROL
- campo de control: MX-MxUPN
005 - FECHA Y HORA DE LA ÜLTIMA TRANSACCIÓN
- campo de control: 20221005125028.0
008 - DATOS DE LONGITUD FIJA
- campo de control de longitud fija: 221005|| aca||aabn | a|a d
040 ## - FUENTE DE CATALOGACIÓN
- Agencia original de catalogación: MX-MxUPN
- Lenguaje de catalogación: spa
- Agencia de transcripción: MX-MxUPN
100 1# - ENCABEZAMIENTO - NOMBRE PERSONAL
- Nombre personal: Kaluf F. Cecilia
670 ## - FUENTE EN LA QUE SE LOCALIZARON DATOS
- Cita de la fuente: Diversidad cultural: materiales para la formación docente y el trabajo de aula, 2005:
- Información localizada: portada (Cecilia Kaluf F.)
902 ## - CATALOGADOR
- Catalogador: Víctor Ruiz/051022
